French - Verbs Pt1 - Statistics

General Stats
  • This quiz has been taken 281 times
  • The average score is 16 of 32
Answer Stats
French English % Correct
Arriver To arrive
96%
Boire To drink
96%
Cuisiner To cook
92%
Commencer To start
91%
Finir To finish
77%
Dormir To sleep
77%
Nager To swim
72%
Voyager To travel
71%
Penser To think
70%
Trouver To find
65%
Laver To wash
65%
Demander To ask
64%
Dire To say
64%
Oublier To forget
59%
Tomber To fall
58%
Tourner To turn
56%
Brûler To burn
55%
Rire To laugh
52%
Décrouvrir To discover
48%
Bouillir To boil
38%
Terminer To finish
37%
Souhaiter To wish
35%
Embrasser To kiss
27%
Habiller To dress
26%
Raser To shave
25%
Patiner To skate
24%
Peser To weigh
23%
Vider To empty
22%
Grimper To climb
13%
Apercevoir To notice
13%
Rater To fail
11%
Fâcher To annoy
4%
No matching quizzes found
Score Distribution
Percent of People with Each Score
Percentile by Number Answered
Your Score History
You have not taken this quiz